Electronic Symbols of Circuit Diagrams in Engineering by Picture - Statistics

General Stats
  • This quiz has been taken 937 times
  • The average score is 11 of 16
Answer Stats
Picture Answer % Correct
switch
89%
battery
87%
resistor
83%
diode
82%
{AND} gate
80%
capacitor
78%
{OR} gate
78%
ground
74%
{NOR} gate
73%
{NAND} gate
67%
{NOT} gate ({inverter})
63%
{XOR} gate
63%
inductor
58%
light bulb
53%
AC voltage source
39%
antenna
25%
No matching quizzes found
Score Distribution
Percent of People with Each Score
Percentile by Number Answered
Your Score History
You have not taken this quiz